|
|
|
|
| LEADER |
00000caa a22000002c 4500 |
| 001 |
1157800580 |
| 003 |
DE-627 |
| 005 |
20220523153450.0 |
| 007 |
tu |
| 008 |
001025s2000 xx ||||| 00| ||ger c |
| 020 |
|
|
|a 3452245624
|
| 035 |
|
|
|a (DE-627)1157800580
|
| 035 |
|
|
|a (DE-576)087800586
|
| 035 |
|
|
|a (DE-599)BSZ087800586
|
| 040 |
|
|
|a DE-627
|b ger
|c DE-627
|e rakwb
|
| 041 |
|
|
|a ger
|
| 100 |
1 |
|
|a Moore, Michael
|0 (DE-627)1258226898
|0 (DE-576)188226893
|4 aut
|
| 109 |
|
|
|a Moore, Michael
|a Moore, M.
|
| 245 |
1 |
0 |
|a Opfer und Vergeltung: eine Erwiderung auf George P. Fletcher
|c Michael Moore
|
| 264 |
|
1 |
|c 2000
|
| 300 |
|
|
|a S. 85 - 104
|
| 336 |
|
|
|a Text
|b txt
|2 rdacontent
|
| 337 |
|
|
|a ohne Hilfsmittel zu benutzen
|b n
|2 rdamedia
|
| 338 |
|
|
|a Band
|b nc
|2 rdacarrier
|
| 773 |
0 |
8 |
|i In
|t Die Stellung des Opfers im Strafrechtssystem
|d Köln : Heymanns, 2000
|g (2000), Seite 85 - 104
|h VII, 241 S.
|w (DE-627)313203059
|w (DE-576)084550651
|z 3452245624
|7 nnam
|
| 773 |
1 |
8 |
|g year:2000
|g pages:85 - 104
|
| 951 |
|
|
|a AR
|
| ELC |
|
|
|b 1
|
| LOK |
|
|
|0 000 xxxxxcx a22 zn 4500
|
| LOK |
|
|
|0 001 2612542086
|
| LOK |
|
|
|0 003 DE-627
|
| LOK |
|
|
|0 004 1157800580
|
| LOK |
|
|
|0 005 20260204140441
|
| LOK |
|
|
|0 008 091021||||||||||||||||ger|||||||
|
| LOK |
|
|
|0 040
|a DE-21-110
|c DE-627
|d DE-21-110
|
| LOK |
|
|
|0 689
|a s
|a Vergeltungstheorie
|
| LOK |
|
|
|0 689
|a s
|a Opferrolle
|
| LOK |
|
|
|0 689
|a s
|a Strafzwecktheorie
|
| LOK |
|
|
|0 852
|a DE-21-110
|
| LOK |
|
|
|0 852 1
|m p
|9 00
|
| LOK |
|
|
|0 935
|a tre1
|
| LOK |
|
|
|0 938
|k p
|
| LOK |
|
|
|0 939
|a 21-10-09
|b l01
|
| ORI |
|
|
|a SA-MARC-krimdoka001.raw
|